000 00403nam a2200157Ia 4500
008 221030s9999 xx 000 0 und d
020 _a8177000322
041 _aEnglish
082 _a105.23
_bChh
100 _aT. N. Chhabra
245 0 _aPrinciples & Practice of Management
_cby T. N. Chhabra
260 _bDhanpat Rai Pub
_aNew Delhi
_c2002
300 _a880
650 _aBE Management
942 _cBK
999 _c1960
_d1960